Química

Đã lưu trong:
Chi tiết về thư mục
Tác giả chính: Seese, William S.
Tác giả khác: Daub, G. William, Fernández Alvarado, Esther Traductor/a
Định dạng: Sách
Ngôn ngữ:Spanish
Được phát hành: México : Prentice Hall, 1996.
Những chủ đề:
Các nhãn: Thêm thẻ
Không có thẻ, Là người đầu tiên thẻ bản ghi này!

MARC

LEADER 00000nam a2200000Ia 4500
003 000365
005 20221231144021.0
008 140114s1996 mx a 000 ||spa d
020 |a 968880797 
040 |c cru CEDI 
082 |a 540 S453q 
100 |a Seese, William S.  |9 19724 
245 |a Química 
260 |a México : Prentice Hall, 1996. 
300 |a 687 páginas; ilustraciones a color 
500 |a Traducido del inglés de la obra: Basic Chemistry 
650 |x QUIMICA  |9 19727 
700 |9 19725  |a Daub, G. William 
700 |9 19726  |a Fernández Alvarado, Esther  |d Traductor/a 
942 |2 ddc  |c BK 
999 |c 15670  |d 15670